Quizzes
Events
Quiz Creation
Community
Videos
Private Events
Remove Ads
Sign In
Join for FREE
Feedback
Dark Mode
Quiz Categories
Sports
Geography
Music
Movies
Television
Just For Fun
Miscellaneous
History
Literature
Language
Science
Gaming
Entertainment
Religion
Holiday
For Kids
Quiz Lab
Recent
Popular Today
Quiz Kudos Today
Editor Picks
Curator Picks
Quizzes by...
Day
Popularity
Type
Ratings
Length
Year
Community
Subscriptions
Recent Discussions
Orange Saloon
Badges
Playlists
Quests
Create
Leaderboards
Showdown
Live 5
Trivia Bingo
Activity
Puzzle Library
Sporcle Events
Private Events
Virtual Trivia
Globe League
Become a Host
Pub Owners
SporcleCon
Opinionation
Our Games
Videos
Blog
Mobile Apps
Partnerships
Remove Ads and Go Orange
Feedback
Music
Pop Music
The Beatles
Song
Album
Lyrics
Bands
Singers
Artist
Clip
Rock
Rap
Classical
Billboard
Country Music
Kpop
Taylor Swift
Music
Pop Music
The Beatles
Song
Album
Lyrics
Bands
Singers
Artist
Clip
Rock
Rap
Classical
Billboard
Country Music
Kpop
Taylor Swift
Random Quiz
Search Sporcle
×
Quiz Lab
Quiz Lab
Music
Vampire
Type in answers that appear in a list
Type in answers that appear in a list
Classic
Best Score? Go Orange.
'I Think Ur a Contra' by Vampire Weekend Lyrics Stats
'I Think Ur a Contra' by Vampire Weekend Lyrics
By
ithinkuracontra
8m
193 Questions
163 Plays
163 Plays
163 Plays
Comments
Comments
Give Quiz Kudos
Give Quiz Kudos
-
- Ratings
hide this ad
Replay
Link that replays current quiz
Next Quiz
Link to next quiz in quiz playlist
You Got
0%
They Got
Avg Score
82%
Avg Friend Score
Upgrade to see
Score Distribution
Jump to the score distribution portion of the page
Score
0/193
Timer
08:00
0
Plays Today
% Correct
a
100%
you
100%
you
100%
a
100%
a
100%
a
100%
a
100%
a
100%
a
100%
You
100%
a
100%
You
100%
you
100%
you
100%
You
100%
you
100%
you
100%
a
100%
a
100%
I
99.4%
I
99.4%
I
99.4%
think
99.4%
contra
99.4%
I
99.4%
think
99.4%
contra
99.4%
I
99.4%
think
99.4%
contra
99.4%
I
99.4%
think
99.4%
contra
99.4%
Your
99.4%
I
99.4%
I
99.4%
I
99.4%
think
99.4%
contra
99.4%
I
99.4%
think
99.4%
contra
99.4%
contra
99.4%
I
99.4%
I
99.4%
I
99.4%
I
99.4%
I
99.4%
think
99.4%
contra
99.4%
I
99.4%
think
99.4%
contra
99.4%
and
96.9%
you're
96.9%
you're
96.9%
you're
96.9%
you're
96.9%
And
96.9%
And
96.9%
you're
96.9%
And
96.9%
and
96.9%
you're
96.9%
And
96.9%
% Correct
and
96.7%
That
95.7%
an
95.7%
that
95.7%
that
95.7%
had
93.3%
don't
92.3%
on
92%
two
91.4%
me
91.4%
me
91.4%
two
91.4%
two
91.4%
me
91.4%
feeling
90.8%
once
90.2%
could
90.2%
with
90.2%
With
90.2%
not
90.2%
not
90.2%
with
90.2%
not
90.2%
for
89.6%
for
89.6%
tell
89%
everything
89%
each
88.3%
other
88.3%
But
88.3%
want
88.3%
But
88.3%
wanted
85.9%
wanted
85.9%
wanted
85.9%
wanted
85.9%
wanted
85.9%
wanted
85.9%
months
85.3%
side
85.3%
call
84.7%
call
84.7%
just
82.8%
just
82.8%
just
82.8%
just
82.8%
roll
80.2%
our
79.8%
our
79.8%
friends
79.8%
pools
79.8%
Never
79.8%
Never
79.8%
Never
79.8%
Never
79.8%
choose
79.1%
choose
79.1%
tried
78.5%
control
78.5%
know
78.5%
between
78.5%
between
78.5%
tried
78.5%
lied
77.3%
good
77.3%
% Correct
complete
77.3%
sides
77.3%
sides
77.3%
lied
77.3%
even
76.7%
it's
76.1%
schools
76.1%
truth
74.8%
pick
74.8%
pick
74.8%
right
74.2%
You’re
71.8%
You’re
71.8%
to
70.6%
to
70.6%
to
70.6%
so
70.6%
from
69.9%
the
69.9%
the
69.9%
Don’t
68.7%
Don’t
68.7%
rock
67.5%
away
66.9%
Till
66.9%
Till
66.9%
out
66.3%
Well
66.3%
Well
66.3%
Well
66.3%
now
64.4%
you’ve
64.4%
you’ve
64.4%
you’ve
64.4%
you’ve
64.4%
When
63.8%
said
63.8%
I
62.6%
up
60.7%
turn
58.9%
it’s
58.9%
made
58.9%
minds
58.9%
both
58.3%
My
57.7%
oath
57.1%
of
57.1%
desire
57.1%
useful
57.1%
yourself
57.1%
will
57.1%
watch
56.4%
revolution
52.8%
wire
52.1%
little
50.9%
going
49.1%
Since
48.5%
thoughts
44.8%
trace
44.2%
them
44.2%
source
44.2%
we’ve
43.6%
arrows
35.6%
Quiz Playlist
Details
Report
Send in Message
Add To Playlist
Classic:
Type in answers that appear in a list
Last Updated: May 14, 2020
Quiz Scoreboard
CHALLENGE
Sign Up to Join the Scoreboard
Show All
Scores
Hide
Comments
May contain spoilers
Recently Published
Movies - When Are They Set?
by FPL_Elf
Movies
5m
Popular People in 1961
by mucciniale
History
6m
1-10 Letter E Words III
by El_Dandy
Language
2m
More to Explore
Quiz From the Vault
Featured Blog Post
Where Did the Easter Bunny Come From?
hide this ad
You Might Also Like...
Tags
contra
Vampire
Vampire Weekend
Weekend
Today's Top Quizzes in Music
Browse Music
hide this ad
Today's Top Quizzes in Vampire
Browse Vampire
Top Contributed Quizzes in Music
1
Taylor Swift All Songs (2024)
2
2010s Album by Cover III
3
One Thing in Common: Music
4
Guess the Artist- 70s Songs
5
Taylor Swift Logic Puzzle
6
Guess the Taylor Swift song (Mystery Song)
7
2010s Album by Cover IV
8
2010s Album by Cover V
9
KPOP LOGIC QUIZ
10
2010s Album by Cover VI
Explore More
Trending Topics
Disney
Harry Potter
NBA
Anime
Kpop
Crossword
Marvel
Song
Country
Puzzle
The Office
NFL
Pokémon
Soccer
WWE
hide this ad
More By:
ithinkuracontra
Quiz
Plays
Rating
Category
Featured
Created
RuPaul's Drag Race Contestants (US Only)
17,814
4.46
Television
Feb 13, 2016
'Forrest Gump' by Frank Ocean Lyrics
703
5.00
Music
Feb 2, 2021
'Solo (Reprise)' Lyrics
362
4.50
Music
May 23, 2017
'I Think Ur a Contra' by Vampire Weekend Lyrics
163
5.00
Music
May 23, 2017
Go to Creator's Profile
Score Distribution
Quiz Creator Spotlight
ithinkuracontra
Follow
Send a Message
Quizzes Created
-
Created Quiz Play Count
-
More By This Creator
Popular Quizzes Today
1
Find the Countries of Europe - No Outlines Minefield
2
Find the US States - No Outlines Minefield
3
The Countries of the World
4
Popular People in 1961
5
US States
6
1-10 Letter E Words III
7
Find the US States
8
One Thing in Common: World Cities II
More Music Quizzes
5-to-1: David Bowie Songs by Lyrics
Published
Trending Quizzes
Risky Map Clicking: Least Populous States A-Z
1-10 Letter F Words
Humor Books: The Subtitles
1-10 Letter G Words
One Thing in Common: United Kingdom
Recently Updated
Leaping Animals
pecheneg
Reality TV Shows (A-Z)
bhenderson79
Rickey Henderson's Hall of Fame Teammates
pecheneg
Champions League XIs: Arsenal
pecheneg
Quick Pick: Celebrities in WWE's Hall of Fame
aduchscher
A-Z Keypad Blitz II
pecheneg
Multiple Oscar Actors
pecheneg
Mystery Phrase Blitz: Oscar 'Best Actors'
pecheneg
F. Scott Fitzgerald Novels
LTH
Pick 3 Villains
ddd62291
Trending Topics
Harry Potter
Disney
Anime
NBA
Kpop
Crossword
Marvel
Song
Pokémon
Puzzle
NFL
The Office
WWE
Soccer
Country
Your Account Isn't Verified!
In order to create a playlist on Sporcle, you need to verify the email address you used during registration. Go to your
Sporcle Settings
to finish the process.
Report this User
Report this user for behavior that violates our
Community Guidelines
.
Details:
Send Report
Go to the Sporcle.com Mobile Site →
Comments